000 00380pab a2200157 454500
008 180718b2010 xxu||||| |||| 00| 0 eng d
100 _aSkonieczny, Amy
245 _aInterrupting inevitability: Globalization and resistance
260 _c2010
300 _ap.1-28.
362 _aJan-Mar
650 _aGlobalization
773 _aAlternatives
908 _aN
909 _a91081
999 _c91081
_d91081